01244nam a2200265 a 450000100100000000500170001000800410002702000150006804000250008308200260010810000350013424500480016925000120021726000460022930000270027559000260030265000290032865000310035791000410038895201390042995201390056895201240070795201300083199900170096100002377620240412074251.0110113s2007 dr a 000 j spa d a9993402753 aDO-SdBNPbspacBNPHU aRD863.44bS787d, 20071 aStanley, Avelino,d1959-9153614aLos disparos :bcuentos /cAvelino Stanley. a5a. ed. aSanto Domingo :bCocolo Editorial,c2007. a98 p. :bil. ;c23 cm. aInventariado, 2019/VM 0aCuentos dominicanos9176 0aLiteratura dominicana.967 aValidado. Control de calidad MMOLINA 001054708DSaGRbGRcHDd2012-03-13iLF1l0oRD863.44 S787d, 2007p23776-50r2020-06-25te. 3w2020-06-25yLFDSZPréstamo en sala 001054708DSaGRbGRcHDd2012-03-13iLF1l0oRD863.44 S787d, 2007p23776-60r2020-06-25te. 4w2020-06-25yLFDSZPréstamo en sala 0010718PDaPDbPDcHDd2011-01-13iLF1l0oRD863.44 S787d, 2007p23776-10r2020-06-25w2020-06-25yLFPDZNo se presta 0010718PDaPDbPDcHDd2011-10-12iLF1l0oRD863.44 S787d, 2007p23776-20r2020-06-25te. 2w2020-06-25yLFPDZNo se presta c23272d23272